000 00703cab a2200229 4500
001 ABS57885
008 090401t1997 xxu||||| |||| 00| 0 eng d
035 _a(Sirsi) u82072
041 _aeng
100 _aMaguire, J.
245 _aShedding light on a rather shady subject
260 _c1997
350 _a0
490 _aProperty Week
_v61(6) 7 November 1997, 1997, 23(1)
520 _aAn introductory article on the origins of rights to light. Includes method for measuring daylight.
650 _aBUILT ENVIRONMENT-BUILDING INSPECTION
650 _aMeasurement
_96256
650 _aRIGHT TO LIGHT
690 _aBUILT ENVIRONMENT-BUILDING INSPECTION
942 _n0
948 _c13/11/1997
999 _c51764
_d51764